• 首页
  • 本馆介绍
  • 公告通知
  • 最新文献
  • 馆藏检索
  • 电子资源
  • 读者导购
  • 参考咨询
  • 我的图书馆
  • 登录
  • 详细信息显示
  • 放入我的书架
  • 预约/预借图书
  • 作者相关作品
  • 分类相关作品
  • 丛书相关作品
  • 出版社相关作品

书目信息

  • 表格格式
  • 工作单格式
  • 卡片格式
题名:
高考改革试点方案跟踪与评估研究
    
 
作者: 钟秉林 著
分册:  
出版信息: 北京   经济科学出版社  2021.07
页数: 292页, [1] 叶图版
开本: 25cm
丛书名: 教育部哲学社会科学研究重大课题攻关项目
单 册:
中图分类: G632.474
科图分类:
主题词: 高考--gao kao--教育改革--研究--中国
电子资源:
ISBN: 978-7-5218-2685-2
000 01758nam 2200313 450
001 012001001505
005 20141202152216.0
010    @a978-7-5218-2685-2@dCNY82.00
099    @aCAL 012022048472
100    @a20220905d2021 em y0chiy50 ea
101 0  @achi@deng@eeng
102    @aCN@b110000
105    @aafk a 000yy
106    @ar
200 1  @a高考改革试点方案跟踪与评估研究@Agao kao gai ge shi dian fang an gen zong yu ping gu yan jiu@d= The follow-up and evaluation research of the pilot program of college entrance examination reform@f钟秉林等著@zeng
210    @a北京@c经济科学出版社@d2021.07
215    @a292页, [1] 叶图版@c图 (部分彩图)@d25cm
225 2  @a教育部哲学社会科学研究重大课题攻关项目@Ajiao yu bu zhe xue she hui ke xue yan jiu zhong da ke ti gong guan xiang mu@v238
225 2  @a“十三五”国家重点出版物出版规划项目@A“ shi san wu ” guo jia zhong dian chu ban wu chu ban gui hua xiang mu
320    @a有书目 (第278-290页)
330    @a本书在进行理论研究、比较研究、历史研究和实证研究的基础上,从考试和招生录取试点方案两个方面,对高考改革试点方案进行跟踪与评估。从横向上,对高考改革试点方案本身的合理性,考试的科学性、高考改革试点与社会舆论环境、入学机会公平等几大问题进行跟踪研究与评估;从纵向上,对高考改革试点与高校人才选拔、高考改革试点与基础教育改革之间的影响与关系进行跟踪研究与评估。
410  0 @12001 @a教育部哲学社会科学研究重大课题攻关项目@v238
410  0 @12001@a“十三五”国家重点出版物出版规划项目
510 1  @aFollow-up and evaluation research of the pilot program of college entrance examination reform@zeng
606 0  @a高考@Agao kao@x教育改革@x研究@y中国
690    @aG632.474@v5
701  0 @a钟秉林@Azhong bing lin@4著
801  0 @aCN@bAHXH@c20221111
905    @b1363360-3@dG632.474@e1389@f4
    
    高考改革试点方案跟踪与评估研究= The follow-up and evaluation research of the pilot program of college entrance examination reform/钟秉林等著.-北京:经济科学出版社,2021.07
    292页, [1] 叶图版:图 (部分彩图);25cm.-(教育部哲学社会科学研究重大课题攻关项目;238).-(“十三五”国家重点出版物出版规划项目)
    
    
    ISBN 978-7-5218-2685-2:CNY82.00
    本书在进行理论研究、比较研究、历史研究和实证研究的基础上,从考试和招生录取试点方案两个方面,对高考改革试点方案进行跟踪与评估。从横向上,对高考改革试点方案本身的合理性,考试的科学性、高考改革试点与社会舆论环境、入学机会公平等几大问题进行跟踪研究与评估;从纵向上,对高考改革试点与高校人才选拔、高考改革试点与基础教育改革之间的影响与关系进行跟踪研究与评估。
●
相关链接 在E读中查询图书 在五车中查询图书 在当当中查询图书 在豆瓣中查询图书


正题名:高考改革试点方案跟踪与评估研究     索取号:G632.474/1389         预约/预借

序号 登录号 条形码 馆藏地/架位号 状态 备注
1 1363360   213633601   第一样本阅览室/ [索取号:G632.474/1389] 在馆    
2 1363361   213633610   教育系资料室/ [索取号:G632.474/1389] 在馆    
3 1363362   213633629   教育系资料室/ [索取号:G632.474/1389] 在馆    
4 1363363   213633638   第四借阅区/ [索取号:G632.474/1389] 在馆    
唐山师范学院图书馆 欢迎您!
大连网信软件有限公司© 版权所有